[Event "Moscow-ch Men 2019"]
[Site "Moscow"]
[Date "2019.03.30"]
[Round "1.1"]
[White "Popov, Ivan"]
[Black "Trusov, Mikhail"]
[Result "1-0"]
[WhiteElo "2585"]
[BlackElo "2143"]
[Annotator "TA"]
[PlyCount "81"]
[EventDate "2019.03.30"]
[EventType "swiss"]
[EventCountry "RUS"]
[SourceTitle "playchess.com"]
[Source "ChessBase"]
[SourceQuality "1"]

{[%evp 27,81,32,59,47,66,74,101,91,91,98,108,112,94,95,223,212,285,174,272,279,268,277,317,279,266,232,196,179,252,254,246,250,253,254,281,270,273,231,264,239,322,296,334,315,389,293,963,927,1094,1093,1291,1291,1275,1213,29977,1197]} 1. e4 e6 2. d4 d5 3. Nd2 Nc6 4. Ngf3 Nf6 5. e5 Nd7 6. Bd3 Nb4 7. Be2 c5 8. c3 Nc6 9. O-O Be7 10. Bd3 cxd4 11. cxd4 O-O 12. Re1 f5 13. exf6 Nxf6 {C06: French Tarrasch: 3...Nf6 4 e5 Nfd7 5 Bd3 main lines} 14. Nf1 Bd6 {LiveBook: 4 Games} (14... Qb6 15. Re2 Kh8 16. Bb1 Bd7 17. Ng3 Bd6 18. b3 Rae8 19. Bb2 Re7 20. Ne5 Be8 {0-1 (26) Zherebukh,Y (2614)-Sadorra,J (2501) Fort Myers 2016}) 15. a3 Re8 $146 {White is slightly better.} ({Predecessor:} 15... Qc7 16. Bg5 e5 17. dxe5 Nxe5 {1-0 (75) Haszon,D (2246)-Schmuck,C (1925) Balatonlelle 2018}) 16. Bg5 e5 17. dxe5 Nxe5 18. Nxe5 Rxe5 19. Rxe5 Bxe5 20. Qe2 Bd4 {[#]} (20... Bd6 $16) 21. Bxh7+ $1 $18 {[%mdl 512]} Kf7 (21... Nxh7 22. Bxd8) 22. Bh4 Qb6 {[#]} (22... Qd6 $142) 23. Re1 $1 {[%csl Ge1][%cal Re2e7]} ({Less strong is} 23. Bxf6 Qxf6 24. Rc1 Bb6 $16) 23... Be6 24. Bxf6 Bxf6 25. Qh5+ Kf8 26. Bf5 Bg8 27. Bd7 {Intending Re8+ and mate.} Qd8 (27... Be7 $142 28. Ne3 Qh6) 28. Re8+ Qxe8 29. Bxe8 Rxe8 30. Qf5 Be6 31. Qf4 Kg8 32. Nd2 Bxb2 33. Qb4 Bf6 34. Qxb7 Bf7 35. g4 ({Resist} 35. Qxa7 $6 Re1+ 36. Nf1 d4 $18) 35... d4 36. Nf3 Rd8 $2 (36... d3 37. g5 d2 38. Nxd2 Bxg5) 37. g5 Bd5 38. Qc7 Bxg5 39. Nxg5 {[%cal Rc7d8]} Re8 40. f4 d3 41. Qc3 {Accuracy: White = 83%, Black = 19%.} (41. Qd7 $142 Kf8 42. Nh7+ Kg8 43. Qxe8+ Kxh7 44. Qh5+ {[%mdl 64] Double Attack} Kg8 45. Qxd5+ {[%mdl 64] Double Attack} Kf8 46. Qxd3) 1-0

[Event "Moscow-ch Men 2019"]
[Site "Moscow"]
[Date "2019.03.30"]
[Round "1.2"]
[White "Bogaudinov, Rushan"]
[Black "Savchenko, Boris"]
[Result "0-1"]
[WhiteElo "2096"]
[BlackElo "2575"]
[Annotator "TA"]
[PlyCount "110"]
[EventDate "2019.03.30"]
[EventType "swiss"]
[EventCountry "RUS"]
[SourceTitle "playchess.com"]
[Source "ChessBase"]
[SourceQuality "1"]

{[%evp 23,110,15,21,14,31,18,26,10,23,23,14,-6,0,-14,2,0,0,0,35,34,33,0,41,43,28,42,42,42,42,28,38,46,37,29,150,143,229,233,218,101,109,0,0,0,0,0,0,0,0,0,0,0,402,385,572,570,546,422,822,810,864,416,405,206,177,177,207,129,316,264,264,-721,-684,-1358,-1277,-1768,-1667,-29978,-29979,-29979,-29976,-29979,-29979,-29983,-29984,-29986,-29987,-29986,-12717]} 1. d4 Nf6 2. Nf3 g6 3. g3 Bg7 4. Bg2 O-O 5. O-O d5 6. c4 Nc6 7. cxd5 Nxd5 8. Nc3 Nb6 9. e3 Re8 10. b3 e5 11. Nxe5 Nxe5 12. dxe5 Bxe5 13. Bb2 {D76: Fianchetto Grünfeld: Main Line with 7...Nb6} c6 14. Qc2 Qe7 15. Rac1 {White has an edge.} (15. Rad1 Bg4 16. f3 Be6 17. f4 Bg7 18. e4 Rad8 19. e5 Bg4 20. Bf3 Rxd1 21. Qxd1 {0-1 (59) Giri,A (2784)-Vachier Lagrave,M (2773) London 2015}) 15... h5 $146 ({Predecessor:} 15... a5 16. Kh1 a4 17. f4 Bg7 18. e4 axb3 19. axb3 Qb4 20. f5 Nd7 {½-½ (37) Kilian,R (2133)-Jens,J (2342) Germany 2014}) 16. h3 a5 17. e4 a4 18. f4 Bd4+ 19. Kh2 axb3 20. axb3 h4 21. g4 g5 22. Qd2 Qb4 23. fxg5 Be6 {[#]} 24. g6 $1 {[%mdl 512]} fxg6 25. Qh6 $36 {[%mdl 2048] White is more active.} Qd6+ 26. Kh1 Qe5 27. Qxg6+ Qg7 28. Qh5 Bf7 (28... Nd7 $11 {remains equal.}) 29. Qxh4 $16 Bxb3 (29... Bg6 $16 {was called for.} 30. Qg3 Be5) 30. Rf5 $18 Bf7 {White should prevent ...Nc4.} 31. e5 (31. Rd1 $1 $18 {[%cal Rd1d4]} Be5 32. Rxe5 $1 {[%mdl 512]} Rxe5 33. Rd8+ Be8 34. Rxa8 Nxa8 35. Nd5 $1 {[%mdl 512]} cxd5 36. Qg3 {[%mdl 64] Pin}) 31... Rxe5 $16 32. Ne4 ({White should try} 32. Rf4 $16 c5 33. Rxd4 (33. Bxb7 Rb8 $14) 33... cxd4 34. Ne4 Rxe4 35. Bxe4) 32... Bxb2 $11 33. Nf6+ Kf8 {Strongly threatening ...Rxf5.} 34. Nh7+ Ke8 ({Don't blunder} 34... Qxh7 $2 35. Qxh7 Rxf5 36. Rb1 $18) 35. Nf6+ Kf8 36. Nh7+ Kg8 ({Avoid the trap} 36... Qxh7 $2 37. Qxh7 Rxf5 38. Rb1 $18) 37. Nf6+ Qxf6 $2 {[%mdl 8192]} (37... Kf8 $11 {and Black stays safe.} 38. Nh7+) 38. Qxf6 $18 Rxf5 (38... Re1+ {was worth a try.} 39. Rxe1 Bxf6) 39. Qxb2 Rb5 40. Qf2 Nc4 (40... Re8 $142 41. Bf1 Rb3) 41. Bf1 Rb4 42. Bxc4 (42. Qf4 $142) 42... Bxc4 43. Qc5 (43. Qf6 $142 Bd5+ 44. Kg1) 43... Bd5+ {[#]} 44. Kh2 $1 Rb3 45. Rc3 {Hoping for Rxb3.} Rb2+ $2 {[#]} (45... Ra2+ $16 46. Kg3 Rc2 47. Qxd5+ {[%mdl 64] Remove Defender} cxd5 48. Rxb3 Kf7) 46. Kg3 $1 Re8 47. Re3 $4 {[%mdl 8192]} (47. Qd6 $18) 47... Rxe3+ $19 48. Kf4 Re6 49. Kg5 b5 50. h4 Rbe2 {Black mates.} 51. h5 R2e4 52. Qb6 Kh7 53. Qc7+ Re7 54. Qd6 Rg7+ 55. Kf5 Rexg4 {Accuracy: White = 45%, Black = 45%.} (55... Rgxg4 $142 56. Qb8 b4 57. h6 b3 58. Qh2 Rh4 59. Qc7+ Kxh6 60. Qd6+ Be6+ 61. Kf6 Rhf4+ 62. Ke7 b2 63. Qb8 Rf7+ 64. Ke8 Bd5+ 65. Kd8 Rf8+ {[%mdl 64] Skewer} 66. Kc7 Rxb8 67. Kxb8 b1=Q+ 68. Kc8 Qb6 69. Kd7 c5 70. Kc8 Be6#) 0-1

[Event "Moscow-ch Men 2019"]
[Site "Moscow"]
[Date "2019.03.30"]
[Round "1.3"]
[White "Vorobiov, Evgeny E."]
[Black "Spichkin, Alexander"]
[Result "1-0"]
[WhiteElo "2565"]
[BlackElo "2127"]
[Annotator "TA"]
[PlyCount "119"]
[EventDate "2019.03.30"]
[EventType "swiss"]
[EventCountry "RUS"]
[SourceTitle "playchess.com"]
[Source "ChessBase"]
[SourceQuality "1"]

{[%evp 9,119,17,39,8,20,15,14,6,18,19,12,18,16,9,14,10,12,9,13,0,17,4,19,19,0,0,0,0,14,16,44,31,22,31,54,31,29,27,43,18,22,22,54,54,52,39,39,38,45,47,50,39,48,48,40,35,70,66,108,98,214,215,333,332,402,402,395,400,397,401,401,401,401,358,401,389,431,427,933,909,945,685,1283,1206,3641,2683,8288,6166,5801,5701,29965,29966,29966,29967,29967,29967,29967,29968,29960,29961,11898,6560,6606,5597,29981,29982,29983,29984,29984,29985,29985,29985]} 1. d4 e6 2. Nf3 f5 3. Nc3 d5 4. Bg5 Nf6 5. e3 c6 {LiveBook: 6 Games} 6. Ne2 {A80: Dutch Defence: Unusual White second moves} (6. a3 Bd6 7. Ne5 Nbd7 8. f4 h6 9. Bxf6 Nxf6 10. Ng6 Rg8 11. Be2 Qc7 12. Ne5 g6 13. Na4 Nd7 14. Nxd7 Bxd7 {0-1 (37) Talbi,C (2288)-Oussedik,M (2319) El Harrach 2019}) 6... Bd6 7. Nf4 $146 ({Predecessor:} 7. c3 O-O 8. h4 c5 9. dxc5 Bxc5 10. h5 h6 11. Bh4 Qb6 12. Bxf6 Rxf6 13. Qb3 Qc7 {½-½ (36) Rakhimov,R (2142)-Marwitz,U (2152) ICCF email 2014}) 7... O-O 8. Nd3 {The position is equal.} Nbd7 9. Be2 b6 10. O-O Bb7 11. Bf4 Ne4 12. Nfe5 Nxe5 13. Bxe5 Ba6 14. Rc1 Rc8 15. Nf4 Bxe2 16. Qxe2 Bxe5 17. dxe5 Qe7 18. c4 Rfe8 19. Rfd1 Rc7 20. f3 $36 {[%mdl 2048] White has the initiative.} Ng5 21. b4 Rec8 22. Qb2 Nf7 23. c5 b5 24. Ne2 a5 25. a3 $1 {[%cal Ba2a3,Ba3b4][%mdl 32]} axb4 26. axb4 Ra7 27. Ra1 Rca8 28. f4 Nd8 29. Nd4 Ra4 30. Nb3 (30. Rf1 {feels hotter.} h6 31. g3 R8a6 32. Rxa4 Rxa4 33. Ra1) 30... g5 31. Na5 Rxa1 32. Rxa1 gxf4 33. exf4 Qc7 34. Ra3 Nb7 {[#]} (34... h6 $16) 35. Nb3 $1 $18 Rxa3 (35... Qb8 {keeps fighting.} 36. Nd4 Nd8) 36. Qxa3 Nd8 37. Nd4 Kf7 38. Qa8 Qd7 39. Kf2 Qc7 40. Kf3 Qd7 41. h3 h5 42. Kg3 Kg6 43. Qb8 Kh6 (43... Kh7 $142 44. Qd6 Qe8 45. Qc7+ Kh6) 44. Qd6 Qxd6 45. exd6 {[%cal Be5d6,Bd6d7][%mdl 4128] Endgame KN-KN} Kg6 46. Kh4 Kh6 47. Nf3 Kg6 48. Ne5+ Kh6 49. d7 d4 50. Kg3 Kg7 51. Kf3 Kf6 52. Ke2 Ke7 53. Kd3 Kf6 54. Kxd4 Ke7 55. Ke3 Kf6 56. Kf3 Ke7 57. Kg3 {White mates.} Kf6 58. Kh4 Ke7 59. Kxh5 Nb7 60. Kg6 {Precision: White = 74%, Black = 41%.} 1-0

[Event "Moscow-ch Men 2019"]
[Site "Moscow"]
[Date "2019.03.30"]
[Round "1.4"]
[White "Khudyakov, Stanislav"]
[Black "Afanasiev, Nikita"]
[Result "0-1"]
[WhiteElo "2106"]
[BlackElo "2527"]
[Annotator "TA"]
[PlyCount "100"]
[EventDate "2019.03.30"]
[EventType "swiss"]
[EventCountry "RUS"]
[SourceTitle "playchess.com"]
[Source "ChessBase"]
[SourceQuality "1"]

{[%evp 17,100,20,41,35,51,18,26,12,22,37,41,16,53,-25,-25,-31,-12,-27,-29,-35,-17,-23,-15,-47,-47,-47,-47,-47,-37,-46,-40,-60,-60,-59,-47,-67,-70,-70,-65,-84,-80,-109,-94,-122,-120,-121,-81,-100,-104,-141,-144,-169,-129,-129,-129,-184,-191,-173,-175,-259,-254,-247,-253,-250,-246,-282,-291,-293,-299,-293,-290,-360,-362,-397,-397,-412,-427,-434,-428,-423,-431,-435,-432,-527,-524]} 1. e4 d6 2. d4 Nf6 3. Nc3 e5 4. Nf3 Nbd7 5. Bc4 Be7 6. O-O O-O 7. Re1 c6 8. a4 a5 9. h3 Qc7 10. Bg5 {C41: Philidor Defence} (10. Be3 Nb6 11. Ba2 Nfd7 12. Qe2 Bf6 13. d5 Be7 14. Rad1 Nf6 15. Nd2 Bd7 16. Nc4 Nxc4 17. Qxc4 Rac8 18. Qb3 cxd5 {1-0 (80) Howell,D (2644)-Maghsoodloo,P (2584) Doha 2016}) 10... Re8 11. Bh4 h6 12. Bg3 {White has an edge.} Bf8 13. Qd2 $146 ({Predecessor:} 13. Qe2 Nb6 14. Bb3 Nfd7 15. Rad1 exd4 16. Rxd4 Ne5 17. Red1 Nbd7 {1-0 (43) Bouzidi,A (2227)-Saim,M (2150) Hammamet 2015}) 13... exd4 14. Qxd4 Ne5 15. Bxe5 (15. Be2 $14) 15... dxe5 $11 16. Qe3 Qe7 17. Ne2 Qb4 18. Qd3 Bd7 19. Ng3 Rad8 {Threatens to win with ...Be6.} (19... b5 {feels hotter.} 20. Ba2 Rad8 21. c3 Qc5 22. Qc2 Bc8) 20. Qb3 Qxb3 21. Bxb3 Bc8 22. Red1 {Threatening Rxd8.} Nd7 23. Bc4 g6 24. h4 Kg7 25. h5 Nb6 (25... Kf6 {is more complex.} 26. Rdb1 Nb6 27. Be2 Be6 28. b3 Nd7) 26. Rxd8 Rxd8 27. Bd3 Kf6 28. b3 Bb4 29. Nh2 Nd7 30. Be2 Nc5 31. Bg4 Ne6 32. Nhf1 Bc5 33. c3 Rd3 34. Rc1 Bd7 35. Be2 {[#]} Rd6 $1 36. Ne3 (36. Rd1 $17 {might work better.}) 36... Bxe3 $1 $19 37. fxe3 Nc5 38. Bc4 (38. b4 $142 axb4 39. cxb4 Nxa4 40. hxg6 fxg6 41. Nf1) 38... Be6 39. Rf1+ Ke7 40. Bxe6 Kxe6 41. hxg6 fxg6 {[%mdl 4096] Endgame KRN-KRN} 42. b4 axb4 43. cxb4 Nxa4 44. Ra1 b5 45. Rc1 Nb2 46. Nf1 Nc4 47. Kf2 {Black is clearly winning.} Rd3 48. Rb1 Ra3 49. g4 Kf6 50. Kf3 {[#]} Rxe3+ $1 {[%mdl 512] Accuracy: White = 30%, Black = 72%.} 0-1

[Event "Moscow-ch Men 2019"]
[Site "Moscow"]
[Date "2019.03.30"]
[Round "1.5"]
[White "Zakhartsov, Vladimir"]
[Black "Zhukov, Anton"]
[Result "1/2-1/2"]
[WhiteElo "2468"]
[BlackElo "2099"]
[Annotator "TA"]
[PlyCount "116"]
[EventDate "2019.03.30"]
[EventType "swiss"]
[EventCountry "RUS"]
[SourceTitle "playchess.com"]
[Source "ChessBase"]
[SourceQuality "1"]

{[%evp 15,116,37,47,-32,-29,-23,-23,-29,-15,-19,-14,-51,-43,-79,-84,-85,-34,-38,49,40,49,45,49,12,61,66,54,63,57,56,71,20,19,24,22,0,0,0,0,0,46,46,61,47,47,45,34,37,28,3,5,0,0,0,5,0,0,0,1,2,7,7,8,8,10,0,2,0,0,0,0,0,0,0,0,0,0,0,0,0,0,0,0,0,0,0,0,0,0,0,0,0,0,0,0,0,0,0,0,0,0,0,0]} 1. d4 Nf6 2. c4 g6 3. Nc3 Bg7 4. e4 d6 5. Be2 O-O 6. Bg5 Na6 7. Nf3 Qe8 8. O-O e5 {LiveBook: 66 Games. E91: King's Indian: Classical: 6 Be2, unusual replies including 6...c5 and 6...Bg4} 9. Nd5 $146 (9. Bxf6 $14 Bxf6 10. c5) ({Predecessor:} 9. Bxf6 Bxf6 10. c5 exd4 11. Nd5 Qd8 12. Bxa6 bxa6 13. cxd6 cxd6 14. Nxf6+ Qxf6 15. Qxd4 Qxd4 16. Nxd4 Re8 17. Rfe1 Rb8 18. b3 Rb4 {½-½ (67) Wojtaszek,R (2749)-Banikas,H (2568) Doha 2016}) 9... Nxd5 10. cxd5 exd4 {Black has an edge.} 11. Bxa6 bxa6 12. Re1 Bg4 13. Rc1 (13. h3 $5 {[%cal Rh3g4]} Bxf3 14. Qxf3 $15) 13... Qd7 14. Qd3 {[#]} Bxf3 $1 15. Qxf3 {[#]} Rab8 ({Black should try} 15... f5 $1 $17 16. h4 fxe4 17. Qxe4 Rae8) 16. b3 Rb6 (16... f5 $15) 17. Bf6 $14 c5 18. dxc6 $1 Rxc6 19. Rcd1 d5 20. Bxg7 dxe4 21. Rxe4 Kxg7 22. Rexd4 Qe6 23. Rd7 ({White should play} 23. g3 $16) 23... Rc2 $11 24. R7d6 Qe5 25. Rxa6 Rd8 {Threatens to win with ...Rc3.} 26. Rf1 $1 ({But not} 26. Rxa7 $2 Rxd1+ 27. Qxd1 Qc5 $19) 26... Rc3 27. Qb7 Rc7 28. Qb4 Qe2 29. Rd6 Rxd6 30. Qxd6 $14 {[%mdl 4096] Endgame KQR-KQR} Rc2 31. Qd4+ {[%mdl 64] Double Attack} Kg8 32. a4 Rd2 $1 {[%cal Rd2d4] The position is equal.} 33. Qa1 ({Don't go for} 33. Qxa7 $2 Rd1 $19) 33... Rb2 34. h3 Rxb3 35. Re1 Qb2 36. Qxb2 Rxb2 $11 {KR-KR} 37. Re7 a6 38. Ra7 Rb6 39. a5 Re6 40. g4 h5 41. g5 Re5 42. Rxa6 Rxg5+ 43. Kf1 Re5 44. Kg2 Kg7 45. Ra8 Kf6 46. Kf3 Kf5 47. a6 Ra5 48. Ke3 g5 {[%cal Bg6g5,Bg5g4][%mdl 32]} 49. Kf3 Ra3+ 50. Kg2 Kf4 51. Ra7 f5 52. Ra8 g4 53. h4 Ra2 {aiming for ...g3.} 54. a7 Ra5 55. Kg1 Ra1+ 56. Kh2 Ra2 57. Kg2 Ra5 58. Kh1 Ra1+ {Accuracy: White = 55%, Black = 79%.} 1/2-1/2

[Event "Moscow-ch Men 2019"]
[Site "Moscow"]
[Date "2019.03.30"]
[Round "1.6"]
[White "Anfinogenov, Artem"]
[Black "Golubov, Saveliy"]
[Result "0-1"]
[WhiteElo "2091"]
[BlackElo "2460"]
[Annotator "TA"]
[PlyCount "82"]
[EventDate "2019.03.30"]
[EventType "swiss"]
[EventCountry "RUS"]
[SourceTitle "playchess.com"]
[Source "ChessBase"]
[SourceQuality "1"]

{[%evp 11,82,31,54,36,50,46,48,43,44,26,47,40,41,38,76,67,81,84,69,78,68,70,82,4,12,0,0,0,0,0,-6,-44,-25,-95,-14,-216,-214,-219,-206,-201,-191,-206,-93,-129,-37,-50,-48,-161,-99,-100,-104,-151,-39,-108,-81,-447,-456,-579,-563,-568,-571,-565,-556,-554,-555,-545,-538,-797,-781,-767,-777,-1012,-741]} 1. d4 Nf6 2. c4 g6 3. f3 Bg7 4. e4 O-O 5. Nc3 d6 6. Bg5 Na6 7. Bd3 {E81: King's Indian: Sämisch: 6th move deviations (including 6 Be3 c6)} (7. Qd2 c5 8. Nge2 Rb8 9. O-O-O Be6 10. b3 Nb4 11. Kb2 cxd4 12. Nxd4 Qa5 13. Be3 Rfc8 14. a3 Nc6 {0-1 (40) Varga,Z (2476)-Toth,E (2466) Budapest 2012}) 7... c5 8. d5 e6 9. Nge2 {White is slightly better.} exd5 10. exd5 h6 11. Bh4 $1 Nc7 12. O-O g5 $146 ({Predecessor:} 12... Rb8 13. a4 a6 14. Qd2 Re8 15. Rae1 Bd7 {1-0 (59) Sutton,I-Hoelscher,T (2165) Balatonbereny 1994}) 13. Bf2 Rb8 14. Ng3 b5 {next ...bxc4 is good for Black.} 15. b3 {[%cal Bb2b3,Bb3c4][%mdl 32]} (15. cxb5 $6 Nfxd5 16. Nxd5 Nxd5 $11) 15... bxc4 16. bxc4 Nd7 17. Rc1 (17. Nf5 $1 $16) 17... Ne5 $11 18. Qc2 Nxd3 19. Qxd3 f5 20. Nh5 Bh8 21. g4 Na6 22. gxf5 (22. Qe2 $11 {keeps the balance.}) 22... Nb4 (22... Rxf5 $6 23. Ng3 $14) (22... Bxf5 $17 23. Qe2 Bh3) 23. Qd2 $2 (23. Qe2 $11 {and White stays safe.}) 23... Bxf5 $19 24. Ne4 Bg6 25. Nhg3 Rxf3 26. Qe2 g4 (26... Rf4 $1 $19 {Hoping for ...Qd7.} 27. a3 Na6) 27. Nd2 $17 Qf6 (27... Nxa2 28. Nxf3 Nxc1 29. Qe6+ Kh7 30. Qxg4) (27... Rf4 $17 28. Qe6+ Kh7) 28. Nxf3 gxf3 29. Qe3 ({White has to play} 29. Qe6+ $15 Qxe6 30. dxe6) 29... Re8 (29... Nxa2 30. Ra1 $11) (29... Nd3 $19 30. Rcd1 Ne5) 30. Qxh6 {Threatens to win with Rce1.} Nd3 $36 {[%mdl 2048] Strongly threatening ...Nf4. Keeping White busy.} 31. Rcd1 Rf8 (31... Nf4 $1 $17 32. Bd4 cxd4 33. Rxf3 Qg5 $1 {[%mdl 576] Deflection, Decoy} 34. Qxg5 Nh3+ {[%mdl 64] Double Attack} 35. Kf1 Nxg5) 32. Qe3 {[#]} ({White should try} 32. Kh1 $15 Rb8 33. a3) 32... Ne5 $1 {[%mdl 1024] aiming for ...Qh4. Black has strong compensation.} 33. Ne4 $2 {[%mdl 8192] [#]} (33. Kh1 $17) 33... Qf5 $1 $19 {[%cal Rf5h3] ...Qh3 is the strong threat.Black is clearly winning.} ({Weaker is} 33... Bxe4 34. Qxe4 Qf4 35. Rde1 $16 (35. Qxf4 Rxf4 36. Rc1 Rxc4 $16)) 34. Ng5 (34. Nxd6 Qh3) 34... Bf6 35. Ne6 {[#]} Qh3 $1 {[%csl Gf3][%cal Rh3g2][%mdl 512]} 36. Nf4 Qg4+ 37. Kh1 Bg7 38. Rg1 Qxf4 39. Rxg6 Nxg6 40. Qe6+ Kh7 41. Be3 Qf5 {Accuracy: White = 24%, Black = 51%.} 0-1

[Event "Moscow-ch Men 2019"]
[Site "Moscow"]
[Date "2019.03.30"]
[Round "1.7"]
[White "Kozionov, Kirill"]
[Black "Brygov, Igor"]
[Result "1-0"]
[WhiteElo "2441"]
[BlackElo "2052"]
[Annotator "TA"]
[PlyCount "87"]
[EventDate "2019.03.30"]
[EventType "swiss"]
[EventCountry "RUS"]
[SourceTitle "playchess.com"]
[Source "ChessBase"]
[SourceQuality "1"]

{[%evp 9,87,30,43,32,33,31,47,56,65,57,110,79,70,62,77,77,76,83,82,77,100,102,108,83,106,108,122,65,96,102,83,91,97,83,100,100,147,144,165,172,159,148,514,512,503,507,512,512,503,484,539,532,538,535,709,693,712,629,730,656,638,638,918,910,892,568,1056,1047,1039,1039,29972,29973,29957,11096,29984,29985,29987,5614,2050,876]} 1. d4 e6 2. c4 f5 3. Nf3 Nf6 4. g3 g6 (4... d5 5. Bg2 Bd6 6. O-O O-O 7. b3 b6 8. Ba3 Ne4 9. Bxd6 Qxd6 10. cxd5 exd5 11. e3 Ba6 12. Re1 Nd7 13. Qc1 c5 14. Qa3 Bb7 15. dxc5 bxc5 {0-1 (40) Melkumyan,H (2633)-Grischuk,A (2772) Riadh 2017}) 5. Bg2 Bg7 6. O-O {A84: Dutch Defence: 2 c4 Miscellaneous} d6 7. Nc3 Nc6 8. d5 $146 {White is slightly better.} ({Predecessor:} 8. Bf4 Bd7 9. Qb3 b6 10. d5 exd5 11. cxd5 Na5 12. Qd1 O-O 13. Qc2 {1-0 (21) Cherner,L-Canbolat,H IECC email 1997}) 8... exd5 9. cxd5 Ne7 (9... Ne5 $14) 10. Qa4+ Bd7 11. Qb3 O-O 12. Ng5 h6 13. Ne6 Bxe6 14. dxe6 Rb8 15. Be3 ({Avoid the trap} 15. Bxb7 $2 c5 $19) 15... b6 16. Rac1 a6 17. Rfd1 Kh7 18. Bd4 (18. Bd2 $16) 18... c5 19. Be5 Ne8 20. Bxg7 Nxg7 21. Qa4 $36 {[%mdl 2048] Black is under strong pressure.} Nxe6 22. Qxa6 Rf6 23. Rd2 Nc7 24. Qa7 Kh8 25. Rcd1 b5 $2 {[%mdl 8192] [#]} (25... Kg7 $16 26. a4 Re6) 26. Rxd6 $3 $18 {[%mdl 576] Deflection} Rxd6 (26... Qxd6 27. Qxb8+) 27. Rxd6 Qxd6 28. Qxb8+ {[%mdl 64] Double Attack} Kg7 29. Nxb5 Qd1+ 30. Bf1 Nxb5 31. Qxb5 Qc1 32. e3 f4 33. Qd7 Kf8 34. Qd8+ Kf7 35. exf4 Nf5 36. Qd5+ Kf8 37. Qc4 Qxb2 38. Qxc5+ Ne7 39. a4 Qa1 40. a5 Kf7 41. a6 Nf5 42. a7 Nd4 43. Qxd4 (43. Qd5+ $142 Ne6 44. a8=Q Qxa8 45. Qxa8 Ke7 46. Qe4 Kd6 47. Qe5+ Kc6 48. Qxe6+ {[%mdl 64] Double Attack} Kc5 49. Qc8+ Kd6 50. Bb5) 43... Qxd4 44. a8=Q {Accuracy: White = 68%, Black = 27%.} 1-0

[Event "Moscow-ch Men 2019"]
[Site "Moscow"]
[Date "2019.03.30"]
[Round "1.8"]
[White "Paster, Arkady M."]
[Black "Ivanov, Oleg V"]
[Result "0-1"]
[WhiteElo "2070"]
[BlackElo "2441"]
[Annotator "TA"]
[PlyCount "110"]
[EventDate "2019.03.30"]
[EventType "swiss"]
[EventCountry "RUS"]
[SourceTitle "playchess.com"]
[Source "ChessBase"]
[SourceQuality "1"]

{[%evp 9,110,-16,-3,7,0,-14,0,0,27,-23,-32,-28,-3,-30,-20,-22,-19,-50,-41,-64,-60,-64,-62,-69,-66,-71,-69,-71,-54,-75,-76,-75,-67,-71,-70,-102,-106,-94,-91,-125,-113,-123,-116,-192,-134,-156,-146,-155,-132,-124,-120,-137,-111,-111,-111,-111,-111,-120,-111,-106,-112,-139,-133,-181,-175,-167,-143,-182,-189,-200,-200,-291,-283,-380,-368,-381,-369,-332,-329,-618,-618,-609,-543,-802,-857,-1067,-1041,-873,-725,-4631,-4627,-1527,-1523,-2243,-2079,-1793,-1564,-1385,0,-1667,-1626,-1096,-923]} 1. Nf3 f5 2. b3 d6 3. Bb2 e5 4. g3 (4. c4 Nf6 5. e3 g6 6. Be2 Bg7 7. O-O O-O 8. Nc3 Nc6 9. d4 e4 10. Ne1 Ne7 {0-1 (21) So,W (2815)-Carlsen,M (2832) chess.com INT 2017}) 4... Nf6 5. Bg2 Be7 6. c4 {A04: Unusual lines after 1 Nf3 and King's Indian Attack} O-O 7. O-O Qe8 8. e3 {The position is equal.} Nc6 9. d4 $146 {[%cal Rd4e5]} ({Predecessor:} 9. Re1 Qh5 10. Nc3 f4 11. Nh4 Qh6 12. exf4 Ng4 13. Bf3 Nxh2 14. Ng2 Nd4 15. Be4 Ng4 16. Nd5 Qh2+ {0-1 (16) De La Rosa Baez,C (1361)-Perez de la Torre,J (1624) Tenerife 2015}) 9... e4 10. Ne1 d5 $36 {[%mdl 2048] Black has some pressure.} 11. Nc2 Be6 12. cxd5 Nxd5 13. Nc3 Ncb4 14. Nxd5 Bxd5 15. Nxb4 Bxb4 16. Qc2 c6 17. Bc3 Bd6 18. Rae1 Qe6 19. f3 exf3 20. Bxf3 Rae8 21. Bxd5 Qxd5 22. Qg2 Re4 23. Qd2 Rfe8 24. Re2 {[%cal Be1e2,Be2f2,Bf2f4][%mdl 32]} Qe6 25. d5 cxd5 26. Bd4 {[#]} (26. Rd1 $17) 26... b6 (26... f4 $1 $19 {[%cal Rf4e3][%mdl 512]} 27. gxf4 {[#]} (27. exf4 Rxe2) 27... Bxf4 $1 {[%mdl 512]}) 27. Ref2 g6 28. Rd1 Be5 29. Bxe5 Rxe5 30. Rf4 Rxe3 31. Qxd5 Qxd5 32. Rxd5 $17 {[%mdl 4096] Endgame KRR-KRR} Re1+ 33. Rf1 Kf7 34. Rd7+ R8e7 35. Rxe1 Rxd7 {KR-KR} 36. Re2 Rc7 37. Kf2 Kf6 38. Kg2 Rc3 39. Kf2 a5 40. Kg2 (40. Ke1 {was necessary.}) 40... b5 $19 {[%cal Bb6b5,Bb5b4][%mdl 32]} 41. Kf2 b4 42. Kg2 g5 43. Kf2 h5 44. Kg2 $2 (44. h4 gxh4 45. gxh4) 44... f4 {Hoping for ...f3+.} 45. gxf4 gxf4 46. Rd2 {If White can now play Rd5 this consolidates a bit.} Ke5 47. Kf2 h4 48. Re2+ Kf5 49. Rd2 Ke4 50. Re2+ Re3 {( -> ...Rxe2+)} 51. Rd2 Rf3+ 52. Ke2 Rh3 53. Kf1 Rf3+ 54. Ke2 Rc3 55. Kf2 f3 {Accuracy: White = 36%, Black = 77%.} 0-1